[Event "II Open Monte Sabotino"]
[Site "Torino ITA"]
[Date "2012.11.27"]
[Round "4"]
[White "Barbonese, Roberto"]
[Black "Levi, Aldo"]
[WhiteElo "1299"]
[BlackElo "1424"]
[Result "1-0"]
[PlyCount "75"]
[EventDate "2012.11.06"]

1. d4 d5 2. Nf3 Nf6 3. e3 e6 4. Bd3 Bd6 5. b3 O-O 6. Bb2 Nc6 7. a3 Re8 8. Ne5
Bd7 9. c4 b6 10. Qc2 Ne7 11. c5 bxc5 12. dxc5 Bxe5 13. Bxe5 Ng6 14. Bxg6 fxg6
15. c6 Bc8 16. Nc3 a6 17. O-O Rf8 18. Rad1 Ne8 19. e4 Qg5 20. Bg3 Nd6 21. exd5
e5 22. Ne4 Qf5 23. f3 Nxe4 24. fxe4 Qg5 25. Rxf8+ Kxf8 26. Qc5+ Qe7 27. Qxe7+
Kxe7 28. Bxe5 Bg4 29. Rf1 Rf8 30. Rxf8 Kxf8 31. Bxc7 Ke8 32. d6 h5 33. d7+ Bxd7
34. cxd7+ Kxd7 35. Be5 Ke6 36. Bxg7 g5 37. Kf2 g4 38. Kg3 1-0

[Event "II Open Monte Sabotino"]
[Site "Torino ITA"]
[Date "2012.11.27"]
[Round "4"]
[White "Di Chiara, Mauro"]
[Black "Paoli, Mario"]
[WhiteElo "1958"]
[BlackElo "1834"]
[Result "1-0"]
[PlyCount "73"]
[EventDate "2012.11.06"]

1. Nf3 g6 2. d4 d5 3. c4 dxc4 4. e4 b5 5. a4 c6 6. axb5 cxb5 7. b3 Bg7 8. bxc4
Nc6 9. Be3 bxc4 10. Bxc4 e6 11. O-O Nge7 12. Nc3 O-O 13. Qd2 a5 14. Rfd1 Nb4
15. Bh6 Qc7 16. Bxg7 Kxg7 17. Ne5 f6 18. Nb5 Qb6 19. Ng4 Ng8 20. e5 f5 21. Ne3
Ne7 22. Nd6 Bd7 23. Rdb1 Nec6 24. d5 exd5 25. Nxd5 Qd4 26. Qxd4 Nxd4 27. Nb6
Bc6 28. Nxa8 Rxa8 29. Ra3 h6 30. f4 Nbc2 31. Rc3 a4 32. Rc1 Nb4 33. Rd1 Ndc2
34. Rg3 Kh7 35. Bf7 a3 36. Bxg6+ Kh8 37. Bxf5 1-0

[Event "II Open Monte Sabotino"]
[Site "Torino ITA"]
[Date "2012.11.27"]
[Round "4"]
[White "Fassio, Francesco"]
[Black "Coqueraut, Lodewyk"]
[WhiteElo "1616"]
[BlackElo "1818"]
[Result "0-1"]
[PlyCount "122"]
[EventDate "2012.11.06"]

1. c4 Nf6 2. Nc3 g6 3. g3 Bg7 4. Bg2 O-O 5. d4 d6 6. Nf3 c6 7. O-O Qc7 8. b3 e5
9. dxe5 dxe5 10. Nd2 Rd8 11. Qc2 Na6 12. Ba3 Be6 13. e4 Rd7 14. h3 Rad8 15.
Rad1 b5 16. Ne2 b4 17. Bc1 Nc5 18. Nb1 Rxd1 19. Rxd1 Rxd1+ 20. Qxd1 Ncxe4 21.
Be3 c5 22. Qd3 Nd6 23. g4 a5 24. Nd2 h5 25. f3 hxg4 26. fxg4 Nc8 27. Ng3 Ne7
28. Nde4 Nd7 29. Ng5 Nf8 30. Ne2 f6 31. Nxe6 Nxe6 32. Ng3 Nd4 33. Qf1 f5 34.
gxf5 gxf5 35. Bxd4 exd4 36. Nxf5 Qe5 37. Nxg7 Kxg7 38. Qd1 Qg5 39. Qf3 Qe3+ 40.
Qf2 Nf5 41. Qxe3 Nxe3 42. Bf3 Kg6 43. h4 Kf5 44. h5 Kg5 45. Kf2 Nf5 46. Be2 Ng7
47. Kf3 Nxh5 48. Bd3 Nf4 49. Bb1 Nh5 50. Ke4 Nf4 51. Ke5 d3 52. Kd6 d2 53. Bc2
Nd3 54. Kd5 Kf4 55. Bd1 Ke3 56. Bh5 Nf4+ 57. Kxc5 Nxh5 58. Kb5 d1=Q 59. Kxa5
Nf6 60. Kxb4 Qd2+ 61. Ka3 Qc3 0-1

[Event "II Open Monte Sabotino"]
[Site "Torino ITA"]
[Date "2012.11.27"]
[Round "4"]
[White "Femia, Nicola"]
[Black "Doromeychuk, Anton"]
[WhiteElo "1826"]
[BlackElo "1775"]
[Result "1-0"]
[PlyCount "137"]
[EventDate "2012.11.06"]

1. d4 Nf6 2. c4 d6 3. Nc3 Nbd7 4. Nf3 e5 5. dxe5 dxe5 6. e4 Bb4 7. Bg5 O-O 8.
Qc2 c6 9. O-O-O Qa5 10. Bd2 Bxc3 11. Bxc3 Qxa2 12. Bd3 Nc5 13. Rde1 Bg4 14. Nd2
Rad8 15. Bf1 Rxd2 16. Kxd2 Rd8+ 17. Ke3 Nfxe4 18. f3 Nxc3 19. Qxc3 Be6 20. Kf2
f6 21. Be2 Nb3 22. Rd1 Nd4 23. Rd2 Rd7 24. Rc1 Qa6 25. Bf1 c5 26. b4 Qc6 27. b5
Qc7 28. Rb1 b6 29. Rdb2 e4 30. Kg1 exf3 31. gxf3 Qf4 32. Rf2 Bf5 33. Qe1 h6 34.
Bg2 h5 35. Qe8+ Kh7 36. Qxh5+ Kg8 37. Qe8+ Kh7 38. Rbb2 Qg5 39. Kh1 Qh4 40. Qe1
Bh3 41. Qe4+ Qxe4 42. fxe4 Be6 43. Bf1 Bg4 44. Kg2 Re7 45. Kg3 Bh5 46. Bd3 Bg6
47. Rf4 Rd7 48. Rbf2 Bh5 49. e5+ f5 50. Bxf5+ Nxf5+ 51. Rxf5 Rd3+ 52. Kg2 Bg6
53. R5f4 Re3 54. Rh4+ Kg8 55. Rd2 Rxe5 56. Rd8+ Kf7 57. Rd7+ Re7 58. Rf4+ Ke6
59. Rd5 Bc2 60. Kg3 g6 61. h4 Bb3 62. Rg5 Bc2 63. Rf3 Rd7 64. Re3+ Kf6 65. Rg4
Rd4 66. Ra3 Bd1 67. Rxd4 cxd4 68. Rd3 Bc2 69. Rxd4 1-0

[Event "II Open Monte Sabotino"]
[Site "Torino ITA"]
[Date "2012.11.27"]
[Round "4"]
[White "Gussone, Claudio"]
[Black "Liviabella, Lucio"]
[WhiteElo "1821"]
[BlackElo "1570"]
[Result "1-0"]
[PlyCount "63"]
[EventDate "2012.11.06"]

1. d4 Nf6 2. c4 e6 3. Nc3 Nc6 4. Nf3 b6 5. g3 Be7 6. Bg2 d5 7. O-O Bb7 8. Bf4
Nh5 9. Be3 Nf6 10. Rc1 dxc4 11. Ne5 Nd5 12. Qa4 Nxc3 13. Rxc3 O-O 14. Nxc6 Bxc6
15. Qxc6 Rb8 16. Rxc4 Bd6 17. Rfc1 b5 18. R4c2 Rb6 19. Qe4 Be7 20. Rxc7 Qd6 21.
d5 e5 22. Bxb6 f5 23. Qc2 axb6 24. Rc6 Qb4 25. Rxb6 Bg5 26. e3 Qa5 27. Qc6 b4
28. Qe6+ Kh8 29. Rb7 Bf6 30. Rc8 Rd8 31. Rxd8+ Qxd8 32. Rc7 1-0

[Event "II Open Monte Sabotino"]
[Site "Torino ITA"]
[Date "2012.11.27"]
[Round "4"]
[White "Malano, Francesco"]
[Black "Tondo, Stefano"]
[WhiteElo "1896"]
[BlackElo "1715"]
[Result "0-1"]
[PlyCount "35"]
[EventDate "2012.11.06"]

1. Nf3 Nf6 2. g3 g6 3. b3 Bg7 4. Bb2 O-O 5. Bg2 d6 6. d4 Nbd7 7. O-O e5 8. dxe5
Ng4 9. c4 dxe5 10. Nc3 e4 11. Nd2 e3 12. Nde4 exf2+ 13. Nxf2 Ne3 14. Nfe4 Nxf1
15. Qxf1 Ne5 16. Qf4 g5 17. Qe3 Ng4 18. Qxg5 0-1

[Event "II Open Monte Sabotino"]
[Site "Torino ITA"]
[Date "2012.11.27"]
[Round "4"]
[White "Manunta, Andrea"]
[Black "Boetto, Massimo"]
[WhiteElo "1951"]
[BlackElo "1949"]
[Result "1/2-1/2"]
[PlyCount "70"]
[EventDate "2012.11.06"]

1. d4 Nf6 2. c4 g6 3. Nc3 Bg7 4. e4 d6 5. h3 O-O 6. Bg5 c5 7. d5 e6 8. Nf3 h6
9. Be3 exd5 10. exd5 Re8 11. Bd3 Nbd7 12. O-O Ne5 13. Nxe5 Rxe5 14. Qd2 Rh5 15.
f3 Nh7 16. f4 Bf5 17. Be2 Rh4 18. Bf2 Bxh3 19. gxh3 Rxh3 20. Bg4 Rh4 21. Qe2 h5
22. Bxh4 Qxh4 23. Bf3 Bd4+ 24. Kg2 Qxf4 25. Kh1 Nf6 26. Qh2 Qg5 27. Rae1 Be5
28. Rxe5 dxe5 29. Rg1 Qe3 30. Qe2 Qd4 31. Rg2 Kg7 32. Ne4 Nxe4 33. Bxe4 Rf8 34.
Bf3 Re8 35. Be4 Rf8 1/2-1/2

[Event "II Open Monte Sabotino"]
[Site "Torino ITA"]
[Date "2012.11.27"]
[Round "4"]
[White "Martini, Giorgio"]
[Black "Blundo, Michele"]
[WhiteElo "1728"]
[BlackElo "1705"]
[Result "1-0"]
[PlyCount "75"]
[EventDate "2012.11.06"]

1. d4 d5 2. c4 c6 3. Nf3 Nf6 4. Nc3 e6 5. Bg5 Be7 6. e3 Nbd7 7. Bd3 O-O 8. O-O
Re8 9. Qc2 a6 10. Bf4 dxc4 11. Bxc4 Nd5 12. Bxd5 exd5 13. Nxd5 Bd6 14. Bxd6
cxd5 15. Rac1 Qf6 16. Bf4 h6 17. Qb3 Qe6 18. Be5 f6 19. Bg3 Kh8 20. Rc7 Nb6 21.
Nd2 a5 22. Rfc1 Ra6 23. Qd3 Na8 24. R7c5 Nb6 25. Qg6 f5 26. Qxe6 Bxe6 27. Rc7
Rc8 28. Be5 Rxc7 29. Rxc7 Nd7 30. Rxb7 Nxe5 31. dxe5 Rc6 32. Kf1 g5 33. Nb3 d4
34. Nxd4 Rc1+ 35. Ke2 Bxa2 36. b3 Rb1 37. e6 Kg8 38. Rb8+ 1-0

[Event "II Open Monte Sabotino"]
[Site "Torino ITA"]
[Date "2012.12.04"]
[Round "5"]
[White "Blundo, Michele"]
[Black "Fassio, Francesco"]
[WhiteElo "1705"]
[BlackElo "1616"]
[Result "0-1"]
[PlyCount "100"]
[EventDate "2012.11.06"]

1. d4 d5 2. c4 c6 3. cxd5 cxd5 4. Nf3 Nf6 5. Nc3 Nc6 6. e3 e6 7. g3 a6 8. Bg2
Bd6 9. a3 b5 10. Bd2 Bb7 11. O-O O-O 12. Re1 Qb6 13. Rc1 Rac8 14. e4 dxe4 15.
Nxe4 Nxe4 16. Rxe4 Ne7 17. Re1 Rxc1 18. Bxc1 Rc8 19. Qd3 Ng6 20. Be3 Qd8 21.
Bg5 Be7 22. Be3 Rc7 23. Qb3 Bd5 24. Qd1 Qc8 25. h4 Nf8 26. Bf4 Rc2 27. Bg5 Bxg5
28. Nxg5 Bxg2 29. Kxg2 Qc6+ 30. Kg1 Rxb2 31. Qd3 h6 32. Nf3 Nd7 33. Ne5 Nxe5
34. dxe5 Qc8 35. Qe3 Rc2 36. Rd1 Rc3 37. Qb6 Rc1 38. Qd6 Rxd1+ 39. Qxd1 Qc5 40.
Qd8+ Kh7 41. Qd6 Qd5 42. f4 a5 43. g4 Qf3 44. g5 Qg3+ 45. Kf1 Qxf4+ 46. Ke2
hxg5 47. hxg5 Qxg5 48. Qd3+ g6 49. Qxb5 Qg2+ 50. Kd1 Qd5+ 0-1

[Event "II Open Monte Sabotino"]
[Site "Torino ITA"]
[Date "2012.12.04"]
[Round "5"]
[White "Boetto, Massimo"]
[Black "Femia, Nicola"]
[WhiteElo "1949"]
[BlackElo "1826"]
[Result "1-0"]
[PlyCount "45"]
[EventDate "2012.11.06"]

1. e4 c5 2. Nf3 Nf6 3. e5 Nd5 4. c3 e6 5. d4 cxd4 6. cxd4 Bb4+ 7. Bd2 O-O 8.
Nc3 Nxc3 9. bxc3 Be7 10. Bd3 d5 11. h4 g6 12. Bh6 Re8 13. Ng5 Bf8 14. Bxf8 Rxf8
15. f4 f5 16. h5 Qc7 17. hxg6 Qg7 18. Rxh7 Qxg6 19. Kf2 Qxh7 20. Nxh7 Kxh7 21.
Qh5+ Kg7 22. Rh1 Rg8 23. Qg5+ 1-0

[Event "II Open Monte Sabotino"]
[Site "Torino ITA"]
[Date "2012.12.04"]
[Round "5"]
[White "Castelli, Giovanni J."]
[Black "Gussone, Claudio"]
[WhiteElo "1800"]
[BlackElo "1821"]
[Result "1/2-1/2"]
[PlyCount "101"]
[EventDate "2012.11.06"]

1. e4 d6 2. d4 Nf6 3. Nc3 g6 4. Bg5 Bg7 5. e5 dxe5 6. dxe5 Nfd7 7. f4 O-O 8.
Nf3 f6 9. Qd5+ Kh8 10. Bh4 c6 11. Qe4 Nc5 12. Qe3 b6 13. Bc4 Qc7 14. O-O-O Bf5
15. h3 Nba6 16. g4 Bd7 17. Kb1 b5 18. Be2 Rab8 19. Rhe1 Be6 20. Bg3 Qa5 21. Nd4
Bd7 22. Nb3 Nxb3 23. Rxd7 Nbc5 24. Rxe7 Na4 25. Nxa4 bxa4 26. a3 Nc7 27. Bc4
Rb7 28. c3 Nd5 29. Bxd5 Rxe7 30. Bxc6 fxe5 31. fxe5 Rc7 32. Qe4 Qa6 33. Bd5 Qb6
34. Ka1 Rb8 35. Qe2 Re7 36. Qc2 Qa5 37. Qe4 Rd8 38. Bh4 Rxe5 39. Bxd8 Qxd8 40.
Qxe5 Bxe5 41. Rxe5 Qd6 42. Re8+ Kg7 43. c4 Qc5 44. Ka2 a5 45. g5 h6 46. h4 hxg5
47. hxg5 Qb6 48. Re7+ Kf8 49. Rf7+ Ke8 50. Rf6 Qb3+ 51. Kb1 1/2-1/2

[Event "II Open Monte Sabotino"]
[Site "Torino ITA"]
[Date "2012.12.04"]
[Round "5"]
[White "Coqueraut, Lodewyk"]
[Black "Malano, Francesco"]
[WhiteElo "1818"]
[BlackElo "1896"]
[Result "0-1"]
[PlyCount "74"]
[EventDate "2012.11.06"]

1. Nf3 d6 2. g3 Nf6 3. Bg2 c5 4. d3 Nc6 5. O-O g6 6. c3 Bg7 7. e4 O-O 8. Be3 c4
9. Na3 cxd3 10. Qxd3 Bg4 11. Nd2 Qc8 12. f4 Bd7 13. Ndc4 Rb8 14. Rad1 b5 15.
Nd2 Ng4 16. Nc2 Nxe3 17. Nxe3 b4 18. Nd5 bxc3 19. bxc3 Re8 20. Rc1 Na5 21. Kh1
Qc5 22. Ne3 Rec8 23. e5 dxe5 24. Ne4 Qc7 25. fxe5 Nc6 26. Nc4 Bf5 27. Rxf5 gxf5
28. Nc5 e6 29. Nd7 Rd8 30. Rd1 Rxd7 31. Qxd7 Qxd7 32. Rxd7 Rb1+ 33. Bf1 Rxf1+
34. Kg2 Re1 35. Rc7 Nxe5 36. Rc8+ Bf8 37. Nd6 Re2+ 0-1

[Event "II Open Monte Sabotino"]
[Site "Torino ITA"]
[Date "2012.12.04"]
[Round "5"]
[White "Di Chiara, Mauro"]
[Black "Cacinschi, Alexandru"]
[WhiteElo "1958"]
[BlackElo "2011"]
[Result "1/2-1/2"]
[PlyCount "76"]
[EventDate "2012.11.06"]

1. d4 d5 2. Nf3 Nf6 3. c4 c6 4. cxd5 cxd5 5. Nc3 a6 6. Bf4 Nc6 7. e3 e6 8. Rc1
Be7 9. Bd3 Nh5 10. Be5 Nxe5 11. Nxe5 Nf6 12. O-O O-O 13. Ne2 Bd7 14. Nxd7 Qxd7
15. Ng3 Rfc8 16. Qd2 Bd6 17. Rxc8+ Rxc8 18. Rc1 Rc7 19. Rxc7 Qxc7 20. Qc2 Qxc2
21. Bxc2 Kf8 22. Ne2 Ke7 23. g3 Nd7 24. Kf1 h6 25. Nc3 Bb4 26. Ke2 Bxc3 27.
bxc3 b5 28. f3 Nb6 29. e4 f6 30. Bb3 Kd6 31. Kd3 Nc4 32. Bxc4 bxc4+ 33. Ke2 h5
34. exd5 Kxd5 35. Kd2 f5 36. Ke3 e5 37. dxe5 Kxe5 38. f4+ Kd5 1/2-1/2

[Event "II Open Monte Sabotino"]
[Site "Torino ITA"]
[Date "2012.12.04"]
[Round "5"]
[White "Doromeychuk, Anton"]
[Black "Barbonese, Roberto"]
[WhiteElo "1775"]
[BlackElo "1299"]
[Result "1-0"]
[PlyCount "43"]
[EventDate "2012.11.06"]

1. d4 d5 2. Nf3 e6 3. c4 c6 4. Nc3 Nf6 5. Bf4 Nbd7 6. e3 Be7 7. h3 O-O 8. Bd3
Bb4 9. O-O Bxc3 10. bxc3 Ne4 11. Qc2 Ndf6 12. Ng5 b6 13. f3 dxc4 14. Bxe4 Nxe4
15. Qxe4 f5 16. Qxc6 Bd7 17. Qxc4 Qe7 18. e4 a6 19. Nxe6 Bb5 20. Qb3 Rf6 21. c4
Rxe6 22. cxb5 1-0

[Event "II Open Monte Sabotino"]
[Site "Torino ITA"]
[Date "2012.12.04"]
[Round "5"]
[White "Manni, Stefano"]
[Black "Manunta, Andrea"]
[WhiteElo "2044"]
[BlackElo "1951"]
[Result "1-0"]
[PlyCount "53"]
[EventDate "2012.11.06"]

1. a3 Nf6 2. Nf3 e6 3. d4 b6 4. e3 Bb7 5. Bd3 d5 6. O-O Bd6 7. Nbd2 O-O 8. Qe2
Ne4 9. b3 Nd7 10. Bb2 Rc8 11. Ne5 Nxd2 12. Qxd2 f6 13. Nxd7 Qxd7 14. Rfe1 f5
15. c4 c5 16. Rac1 Qe7 17. dxc5 bxc5 18. Qc2 h6 19. cxd5 exd5 20. Bxf5 Rc7 21.
e4 Bf4 22. exd5 Qd6 23. Be6+ Kh8 24. Rcd1 Bxh2+ 25. Kh1 Re7 26. Qg6 Rxf2 27.
Qxh6# 1-0

[Event "II Open Monte Sabotino"]
[Site "Torino ITA"]
[Date "2012.12.11"]
[Round "6"]
[White "Barbonese, Roberto"]
[Black "Blundo, Michele"]
[WhiteElo "1299"]
[BlackElo "1705"]
[Result "0-1"]
[PlyCount "52"]
[EventDate "2012.11.06"]

1. d4 d5 2. Nf3 Nf6 3. e3 Nc6 4. a3 Bg4 5. Be2 Bxf3 6. Bxf3 e5 7. O-O e4 8. Be2
Ne7 9. b3 Ng6 10. c4 Be7 11. Nc3 a6 12. Qc2 c6 13. c5 O-O 14. Na4 Qc7 15. Bd2
Rae8 16. Nb6 Bd8 17. Ba5 Qe7 18. Nc8 Qe6 19. Bxd8 Qxc8 20. Bxf6 gxf6 21. a4 f5
22. b4 Kh8 23. b5 Rg8 24. g3 f4 25. bxc6 f3 26. cxb7 Qh3 0-1

[Event "II Open Monte Sabotino"]
[Site "Torino ITA"]
[Date "2012.12.11"]
[Round "6"]
[White "Cacinschi, Alexandru"]
[Black "Doromeychuk, Anton"]
[WhiteElo "2011"]
[BlackElo "1775"]
[Result "1-0"]
[PlyCount "97"]
[EventDate "2012.11.06"]

1. c4 Nf6 2. Nc3 g6 3. d4 d5 4. g3 Bg7 5. Bg2 dxc4 6. Qa4+ c6 7. Qxc4 Be6 8.
Qd3 O-O 9. Nf3 b5 10. b3 Qa5 11. O-O b4 12. Na4 Bf5 13. Qd1 Be4 14. Nc5 Nbd7
15. Nxe4 Nxe4 16. Qc2 Qd5 17. Bb2 f5 18. e3 Rac8 19. Rfd1 c5 20. dxc5 Qxc5 21.
Qxc5 Ndxc5 22. Bxg7 Kxg7 23. Nd4 Nc3 24. Re1 e5 25. Nc6 e4 26. Nd4 Nd3 27. Rf1
Nd5 28. Ne6+ Kf7 29. Nxf8 Kxf8 30. a3 Rc2 31. axb4 Nc3 32. f3 Nd5 33. fxe4 Nxe3
34. Bh3 Nxf1 35. Rxf1 Nxb4 36. exf5 g5 37. Ra1 Na2 38. Bf1 Rd2 39. Bc4 a5 40.
f6 Rc2 41. Rd1 Rc1 42. Rxc1 Nxc1 43. Kf2 Na2 44. Ke3 Nb4 45. Kd4 Nc6+ 46. Kc5
Ne5 47. Kb5 Nxc4 48. bxc4 Ke8 49. Kxa5 1-0

[Event "II Open Monte Sabotino"]
[Site "Torino ITA"]
[Date "2012.12.11"]
[Round "6"]
[White "Fassio, Francesco"]
[Black "Liviabella, Lucio"]
[WhiteElo "1616"]
[BlackElo "1570"]
[Result "0-1"]
[PlyCount "108"]
[EventDate "2012.11.06"]

1. Nf3 c5 2. c4 Nc6 3. Nc3 Nf6 4. e4 d6 5. d4 cxd4 6. Nxd4 g6 7. Be2 Bg7 8.
Nxc6 bxc6 9. O-O O-O 10. Qc2 Bd7 11. Rb1 Qc8 12. b3 Ng4 13. Bb2 Ne5 14. Rbd1 c5
15. Nd5 Re8 16. Ne3 Be6 17. f4 Ng4 18. Nxg4 Bxg4 19. Bxg7 Bxe2 20. Qxe2 Kxg7
21. Rd3 Qc7 22. Rdf3 e6 23. Qb2+ Kg8 24. f5 Rf8 25. f6 e5 26. Qf2 h5 27. Rh3
Kh7 28. Qh4 Rh8 29. Rf5 Kg8 30. Qg3 Kf8 31. Rf1 a5 32. Qd3 Ke8 33. Rd1 Ra6 34.
Qd2 Kd7 35. g4 Qc6 36. Qe2 h4 37. g5 Rb6 38. Qg4+ Kc7 39. Rxh4 Rxh4 40. Qxh4
Qd7 41. Qg3 a4 42. Qg2 axb3 43. axb3 Rb7 44. Rb1 Qc8 45. h4 Qh8 46. Qg4 Qa8 47.
Qe2 Qa3 48. Qb2 Qa8 49. Re1 Qh8 50. Qh2 Rxb3 51. Ra1 Qh5 52. Qa2 Qg4+ 53. Kf1
Qh3+ 54. Kg1 Rg3+ 0-1

[Event "II Open Monte Sabotino"]
[Site "Torino ITA"]
[Date "2012.12.11"]
[Round "6"]
[White "Femia, Nicola"]
[Black "Tondo, Stefano"]
[WhiteElo "1826"]
[BlackElo "1715"]
[Result "0-1"]
[PlyCount "112"]
[EventDate "2012.11.06"]

1. d4 d5 2. Nf3 g6 3. c4 Nf6 4. Nc3 Bg7 5. cxd5 Nxd5 6. e4 Nxc3 7. bxc3 O-O 8.
Be2 c5 9. O-O Qa5 10. Bd2 Nc6 11. e5 Rd8 12. Qb3 Rb8 13. a4 Be6 14. c4 Nxd4 15.
Bxa5 Nxb3 16. Bxd8 Nxa1 17. Bxe7 Nb3 18. Bd6 Rc8 19. h3 Bh6 20. g4 Bf4 21. Rd1
Na5 22. Nd2 f6 23. Ne4 Bxe5 24. Bxe5 fxe5 25. Rb1 b6 26. Rc1 Rd8 27. Ng5 Bc8
28. Bf3 Rd3 29. Bd5+ Kg7 30. Re1 h6 31. Nf3 Nxc4 32. Bxc4 Rxf3 33. Rxe5 Kf6 34.
Re8 Rc3 35. Bb5 Bb7 36. Kh2 Rc2 37. Kg3 g5 38. Rf8+ Kg7 39. Re8 Rc3+ 40. Kh2
Kf7 41. Rd8 Ke6 42. Rh8 Rc1 43. Rxh6+ Kd5 44. Rh7 a6 45. Rxb7 axb5 46. axb5 c4
47. Rxb6 Kc5 48. Rb8 Rb1 49. Rc8+ Kd4 50. b6 Rxb6 51. Rd8+ Kc5 52. Kg2 c3 53.
Rd1 Kc4 54. Kf1 c2 55. Ke2 cxd1=Q+ 56. Kxd1 Kd3 0-1

[Event "II Open Monte Sabotino"]
[Site "Torino ITA"]
[Date "2012.12.11"]
[Round "6"]
[White "Gussone, Claudio"]
[Black "Coqueraut, Lodewyk"]
[WhiteElo "1821"]
[BlackElo "1818"]
[Result "1-0"]
[PlyCount "71"]
[EventDate "2012.11.06"]

1. Nf3 Nf6 2. d4 g6 3. c4 Bg7 4. Nc3 O-O 5. g3 d6 6. Bg2 e5 7. e4 Nc6 8. d5 Ne7
9. O-O c6 10. h3 Ne8 11. Nh2 f5 12. f4 exf4 13. Bxf4 Qb6+ 14. Kh1 Qxb2 15. Ne2
Qa3 16. Rb1 fxe4 17. Bxe4 Bxh3 18. Re1 Be5 19. Rb3 Bxf4 20. Rxa3 Be5 21. Nf3
Nf6 22. Ng5 Nxe4 23. Nxh3 Nf5 24. Kg2 Rf6 25. Qc2 Nc5 26. Rf3 Bxg3 27. Rxf5
gxf5 28. Nxg3 f4 29. Re7 f3+ 30. Kf2 Rg6 31. Qf5 Rf8 32. Qh5 Rg7 33. Rxg7+ Kxg7
34. Ng5 Nd3+ 35. Kf1 Ne5 36. Nf5+ 1-0

[Event "II Open Monte Sabotino"]
[Site "Torino ITA"]
[Date "2012.12.11"]
[Round "6"]
[White "Malano, Francesco"]
[Black "Di Chiara, Mauro"]
[WhiteElo "1896"]
[BlackElo "1958"]
[Result "0-1"]
[PlyCount "60"]
[EventDate "2012.11.06"]

1. e4 d6 2. d4 Nf6 3. Nc3 g6 4. Nf3 Bg7 5. Be3 O-O 6. Qd2 e6 7. h4 b5 8. Bd3
Ng4 9. Bf4 e5 10. dxe5 dxe5 11. Bg3 Bh6 12. Qe2 Re8 13. Nh2 Nf6 14. a4 b4 15.
Na2 a5 16. Rd1 Qe7 17. Nf3 Bg4 18. Bc4 Nbd7 19. O-O Nh5 20. Bf4 Bxf4 21. g3 Bh6
22. Nc1 Qf6 23. Kg2 Nc5 24. b3 Ne6 25. Bxe6 Rxe6 26. Rd3 Rd8 27. Rxd8+ Qxd8 28.
Rd1 Rd6 29. Rxd6 Qxd6 30. Qd3 Bxf3+ 0-1

[Event "II Open Monte Sabotino"]
[Site "Torino ITA"]
[Date "2012.12.11"]
[Round "6"]
[White "Manni, Stefano"]
[Black "Boetto, Massimo"]
[WhiteElo "2044"]
[BlackElo "1949"]
[Result "0-1"]
[PlyCount "62"]
[EventDate "2012.11.06"]

1. d4 Nf6 2. Nf3 g6 3. c4 Bg7 4. Nc3 O-O 5. e4 d6 6. Be2 e5 7. O-O Nc6 8. d5
Ne7 9. Ne1 Nd7 10. Be3 f5 11. f3 f4 12. Bf2 g5 13. Nd3 Nf6 14. c5 Ng6 15. Rc1
Rf7 16. cxd6 cxd6 17. Nb5 a6 18. Na3 b5 19. Nb4 g4 20. Qc2 g3 21. hxg3 fxg3 22.
Bxg3 Nh5 23. Bf2 Ngf4 24. Nd3 Qg5 25. Nxf4 exf4 26. Rfe1 Ng3 27. Qd2 Qh4 28.
Bd4 Bxd4+ 29. Qxd4 Rg7 30. Qd3 Qh1+ 31. Kf2 Nxe4+ 0-1

[Event "II Open Monte Sabotino"]
[Site "Torino ITA"]
[Date "2012.12.11"]
[Round "6"]
[White "Martini, Giorgio"]
[Black "Manunta, Andrea"]
[WhiteElo "1728"]
[BlackElo "1951"]
[Result "1/2-1/2"]
[PlyCount "75"]
[EventDate "2012.11.06"]

1. d4 e6 2. c4 Nf6 3. Nc3 Bb4 4. e3 O-O 5. Nge2 b6 6. a3 Be7 7. Nf4 Bb7 8. Bd3
d6 9. d5 e5 10. Nh5 Nxh5 11. Qxh5 g6 12. Qe2 f5 13. e4 f4 14. b4 Nd7 15. Bd2 a5
16. b5 Nc5 17. Bc2 Qd7 18. Na4 Nxa4 19. Bxa4 Rf7 20. Bd1 Raf8 21. Qg4 Bc8 22.
Qxd7 Bxd7 23. h3 Rg7 24. Bg4 Be8 25. Be6+ Bf7 26. Bxf7+ Kxf7 27. g3 g5 28. Ke2
Rfg8 29. Raf1 Ke8 30. Be1 Rg6 31. g4 Kd7 32. f3 Rb8 33. h4 h6 34. hxg5 hxg5 35.
Rh7 Rbg8 36. Rfh1 R8g7 37. Rh8 Rg8 38. R8h7 1/2-1/2

[Event "II Open Monte Sabotino"]
[Site "Torino ITA"]
[Date "2012.12.11"]
[Round "6"]
[White "Paoli, Mario"]
[Black "Levi, Aldo"]
[WhiteElo "1834"]
[BlackElo "1424"]
[Result "1-0"]
[PlyCount "85"]
[EventDate "2012.11.06"]

1. d4 d5 2. c4 Nf6 3. Nc3 e6 4. e3 Bb4 5. cxd5 Nxd5 6. Qc2 O-O 7. Bd3 Bxc3+ 8.
bxc3 g6 9. Nf3 Nc6 10. O-O a6 11. e4 Nf6 12. Bg5 h6 13. Bxh6 Nh7 14. Bxf8 Nxf8
15. Qd2 Nh7 16. Qh6 Bd7 17. Rfe1 Qf8 18. Qf4 Qd6 19. e5 Qf8 20. Rab1 Rb8 21.
Nd2 Ne7 22. Ne4 Nd5 23. Qh4 Qd8 24. Qxd8+ Rxd8 25. Rxb7 Ra8 26. c4 Bc6 27. Rb2
Nf4 28. Bc2 Bxe4 29. Bxe4 Rd8 30. Rd2 Ng5 31. Bc6 Kg7 32. h4 Nh7 33. g3 Nh5 34.
Rb1 f6 35. exf6+ N7xf6 36. Rb7 Rc8 37. Kg2 Kh6 38. Ra7 Rb8 39. Rxc7 Rd8 40. Bf3
Ne8 41. Rc6 Rd6 42. Rxd6 Nxd6 43. c5 1-0

[Event "II Open Monte Sabotino"]
[Site "Torino ITA"]
[Date "2012.12.11"]
[Round "6"]
[White "Vittoria, Giuseppe"]
[Black "Castelli, Giovanni J."]
[WhiteElo "1634"]
[BlackElo "1800"]
[Result "0-1"]
[PlyCount "82"]
[EventDate "2012.11.06"]

1. e4 e5 2. Nf3 Nc6 3. Bb5 a6 4. Ba4 Nf6 5. O-O Be7 6. Re1 b5 7. Bb3 d6 8. h3
Na5 9. Nc3 O-O 10. d3 Nxb3 11. axb3 b4 12. Ne2 Bb7 13. Bd2 c5 14. c4 Nh5 15.
Kh2 f5 16. exf5 Bxf3 17. gxf3 Bh4 18. Rf1 Bg5 19. Ng3 Bxd2 20. Qxd2 Nf4 21. Ne2
Rxf5 22. Nxf4 Rxf4 23. Qe3 Qf6 24. Rg1 Rxf3 25. Qe4 Rxf2+ 26. Rg2 Qf4+ 27. Qxf4
Rxf4 28. Rag1 Ra7 29. Ra1 Kf7 30. Kg3 Ke6 31. Re1 Raf7 32. Ree2 Rf3+ 33. Kh2
Rxd3 34. Rg3 Rxg3 35. Kxg3 Rf4 36. Re1 Rd4 37. Ra1 Rd3+ 38. Kh4 Rxb3 39. Rxa6
Rxb2 40. Ra7 Kf6 41. Ra6 Rd2 0-1